|
|
|
|
| LEADER |
00000cam a2200000 a 4500 |
| 001 |
vtls001102442 |
| 003 |
SK-MaSNL |
| 005 |
20260301050616.0 |
| 008 |
250313s1981 xo a np 000 0 slo |
| 015 |
|
|
|a SNBA1981/08
|
| 035 |
|
|
|a SNK000045284
|
| 035 |
|
|
|a urn:nbn:sk:snk-amk0cy
|
| 035 |
|
|
|a urn:nbn:sk:snk-am0087yo
|
| 035 |
|
|
|a 39ABA53A-3108-4B2E-8B86-896377363A25
|
| 040 |
|
|
|a SNK
|b slo
|c SNK
|e AACR2
|
| 041 |
0 |
|
|a slo
|
| 044 |
|
|
|a xo
|c SK
|
| 080 |
|
|
|a 808.54(075.4)
|2 1981
|
| 100 |
1 |
|
|a Dratva, Tomáš
|4 aut
|9 11489
|
| 245 |
1 |
0 |
|a Slovenčina pre cudzincov
|n 2. časť
|c Tomáš Dratva, Viktória Buznová
|
| 250 |
|
|
|a 5. vyd.
|
| 260 |
|
|
|a Bratislava
|b Slovenské pedagogické nakladateľstvo
|c 1981
|
| 300 |
|
|
|a 288 s.
|b tab.
|c 29 cm
|
| 366 |
|
|
|e 5000 výtl.
|
| 490 |
1 |
|
|a Vysokoškolské učebné texty
|
| 504 |
|
|
|a Obsahuje bibliografiu
|
| 650 |
0 |
7 |
|a slovenčina
|2 SNKPH
|9 1350
|
| 650 |
0 |
7 |
|a slovenčina ako cudzí jazyk
|2 SNKPH
|9 100035
|
| 655 |
|
7 |
|a učebnice pre cudzincov
|2 SNKPH
|9 70614
|
| 700 |
1 |
|
|a Buznová, Viktória
|4 aut
|9 11490
|
| 830 |
|
0 |
|a Vysokoškolské učebné texty
|9 276539
|
| 852 |
|
|
|a Slovenská národná knižnica
|
| 954 |
|
|
|a odborná, vedecká literatúra pôvodná (slovenská)
|2 lita
|
| 958 |
|
|
|a OND
|
| 958 |
|
|
|a NB
|
| 958 |
|
|
|a TL
|
| 999 |
|
|
|c 601367
|d 603297
|
| 952 |
|
|
|t P60, <04>, [BOOK], {604}
|a SNK
|b SNK
|y VYP
|7 0
|p 17A0211277
|o snkSB 32126/2 D1
|i snkKSP 6558/81
|0 0
|1 0
|4 0
|d 1999-09-24
|l 0
|r 2004-12-31 00:00:00
|w 2026-02-23
|
| 952 |
|
|
|a SNK
|b SNK
|y PREZ
|7 0
|p 17A0991797
|o snkSB 32126/2
|i snkKSP 6557/81
|0 0
|1 0
|4 0
|d 2012-07-19
|f 1
|l 0
|r 2025-04-04 00:00:00
|w 2026-02-23
|